Normal view
MARC view
- River channels.
Entry Topical Term
001 - CONTROL NUMBER
- control field: 25555
003 - CONTROL NUMBER IDENTIFIER
- control field: NUST
005 - DATE AND TIME OF LATEST TRANSACTION
- control field: 20191112123846.0
008 - FIXED-LENGTH DATA ELEMENTS
- fixed length control field: 191112|| aca||aabn | a|a d
040 ## - CATALOGING SOURCE
- Original cataloging agency: NUST
- Transcribing agency: NUST
150 ## - HEADING--TOPICAL TERM
- Topical term or geographic name entry element: River channels.
670 ## - SOURCE DATA FOUND
- Source citation: Work cat.: (NUST)0: Sediment transport in gravel-bed rivers /, c1987.
